00648nam a2200241 a 4500001001300000003000900013005001700022008004100039020001000080082001500090100001200105245002000117260003700137300000900174500003500183505001000218650002500228700001200253902000800265942000700273952011100280999001500391nice12345678IN_TiNIC20260116011504.0050524s1958 rama grp 000 0 urd  ac1.300a297.5bFAR aFarid,  aHam Kaise Rahen aRampurbMaktaba Al-Hasnaatc1958 a127p aincludes index and biblioraphy2 aTable aIslam-Moral Theology1 aFarid,  bSRS cBK 001040708StackRoom-aHMIbHMId2007-07-03g1.30l0o297.5 FARp02482r2007-07-03v1.30w2005-05-24yBK c1982d1982